000 00489nam a2200181Ia 4500
008 230711s9999||||xx |||||||||||||| ||und||
020 _a978-1-316-6142-1
041 _aENG
082 _a621.3848
_bCA-M
100 _aCarvalho,Nuno Borges
245 0 _aMicrowave and wireless measurement techniques
250 _a1st Ed.
260 _c2013
_aNew Delhi
_bCambridge University Press
300 _a220p.
650 _aElectronics Engineering
700 _aSchreurs,Dominique
942 _cBK
999 _c6322
_d6322